[Event "23.Schlosspark-Open"]
[Site "Wiesbaden"]
[Date "2011.08.26"]
[Round "3.56"]
[White "Dittmar, Thomas"]
[Black "Jordake, Michael"]
[Result "1-0"]
[WhiteElo "1952"]
[BlackElo "1732"]
[PlyCount "73"]
[EventDate "2011.??.??"]
[WhiteTeam "SF Fürth 1951 e.V."]
[BlackTeam "SC Bergen-Enkheim 1922"]

1. d4 Nf6 2. Nf3 e6 3. c4 b6 4. g3 Bb7 5. Bg2 Be7 6. O-O O-O 7. Nc3 Ne4 8. Qc2
Nxc3 9. bxc3 f5 10. d5 Bf6 11. Rd1 Qc8 12. Nd4 Re8 13. e4 Bxd4 14. cxd4 Rf8 15.
Ba3 d6 16. dxe6 Qxe6 17. exf5 Qc8 18. Bxb7 Qxb7 19. d5 Nd7 20. Bb2 Rae8 21. Re1
Qc8 22. Qc3 Nf6 23. Re6 Rxe6 24. dxe6 Qe8 25. g4 Qe7 26. Qf3 Ne8 27. Re1 a5 28.
h3 h6 29. Qc6 Nf6 30. Re3 Rd8 31. f4 Kf8 32. g5 hxg5 33. fxg5 Ng8 34. f6 gxf6
35. gxf6 Qh7 36. e7+ Nxe7 37. fxe7+ 1-0

[Event "23.Schlosspark-Open"]
[Site "Wiesbaden"]
[Date "2011.08.26"]
[Round "3.57"]
[White "Meisegeier, Thomas"]
[Black "Kannenberg, Carl-Fr"]
[Result "1/2-1/2"]
[WhiteElo "1752"]
[BlackElo "1947"]
[PlyCount "54"]
[EventDate "2011.??.??"]
[WhiteTeam "SC Frankfurt-West"]
[BlackTeam "SAbt TuS Dotzheim"]

1. d4 d5 2. Nf3 Nf6 3. Bf4 e6 4. e3 Be7 5. Bd3 Nbd7 6. Nbd2 c5 7. c3 O-O 8. O-O
Nh5 9. Be5 Nxe5 10. Nxe5 Nf6 11. Re1 b6 12. Nc6 Qc7 13. Nxe7+ Qxe7 14. Nf3 Bb7
15. Ne5 Nd7 16. f4 Nxe5 17. fxe5 f6 18. exf6 Rxf6 19. Qh5 g6 20. Qe5 Raf8 21.
Rf1 c4 22. Bc2 a6 23. g3 Qf7 24. Rf4 Rxf4 25. exf4 Bc8 26. Re1 Qf6 27. Kg2 Qxe5
1/2-1/2

[Event "23.Schlosspark-Open"]
[Site "Wiesbaden"]
[Date "2011.08.26"]
[Round "3.58"]
[White "Drewes, Thomas"]
[Black "Diener, Carolin Valeria"]
[Result "1-0"]
[WhiteElo "1944"]
[BlackElo "1624"]
[PlyCount "63"]
[EventDate "2011.??.??"]
[WhiteTeam "SV Würzburg von 1865"]
[BlackTeam "Sfr.1891 Friedberg"]

1. d4 d5 2. Nf3 e6 3. Bf4 Nf6 4. e3 Be7 5. Ne5 Nbd7 6. Bd3 O-O 7. Nd2 c5 8. c3
Qb6 9. Rb1 Bd6 10. g4 Ne8 11. Qc2 h6 12. Ndf3 c4 13. Be2 Bc7 14. b3 Nxe5 15.
Nxe5 Bxe5 16. bxc4 Qc6 17. cxd5 Qxd5 18. e4 Qc6 19. Bxe5 Nc7 20. Rb4 Qd7 21.
Bg3 b6 22. O-O Bb7 23. f3 Rac8 24. a4 Ne8 25. Qb2 Nf6 26. a5 Qc6 27. axb6 Qxc3
28. Qxc3 Rxc3 29. bxa7 Bc6 30. Rb8 Ra3 31. Bd6 Re8 32. Bxa3 1-0

[Event "23.Schlosspark-Open"]
[Site "Wiesbaden"]
[Date "2011.08.26"]
[Round "3.59"]
[White "Giesau, Bernhard"]
[Black "Larem, Peter"]
[Result "0-1"]
[WhiteElo "1584"]
[BlackElo "1914"]
[PlyCount "106"]
[EventDate "2011.??.??"]
[WhiteTeam "SK Gau-Algesheim"]
[BlackTeam "SSG Rödermark-Epp."]

1. c4 e5 2. g3 Nf6 3. Bg2 Bc5 4. e3 O-O 5. Ne2 Nc6 6. O-O d6 7. d3 Bg4 8. Re1
Qc8 9. a3 a5 10. Nbc3 h6 11. b3 Nh7 12. Ne4 Bb6 13. Qc2 f5 14. Nd2 Ng5 15. h4
Nh3+ 16. Bxh3 Bxh3 17. Nf1 Ne7 18. f4 Bg4 19. Kg2 Qd7 20. d4 Bxe2 21. Qxe2 exd4
22. exd4 Bxd4 23. Bb2 Nc6 24. Qd2 Bxb2 25. Qxb2 Rae8 26. Qd2 Qf7 27. Kf2 b6 28.
Qd3 Nb8 29. Ne3 Nd7 30. b4 axb4 31. axb4 g6 32. Nd5 Nf6 33. Nc3 Rxe1 34. Rxe1
Re8 35. Re2 Rxe2+ 36. Qxe2 Kf8 37. Kf3 d5 38. cxd5 Nxd5 39. Qc4 Nxc3 40. Qxc3
Ke8 41. g4 fxg4+ 42. Kxg4 h5+ 43. Kg3 Kd8 44. Kf3 Qf5 45. Qd2+ Kc8 46. Ke3 Qh3+
47. Kd4 Qd7+ 48. Kc3 Qxd2+ 49. Kxd2 Kd7 50. Kc3 Ke6 51. Kd4 Kf5 52. Ke3 c5 53.
bxc5 bxc5 0-1

[Event "23.Schlosspark-Open"]
[Site "Wiesbaden"]
[Date "2011.08.26"]
[Round "3.60"]
[White "Seickel, Ralf"]
[Black "Neuhoff, Ulrich"]
[Result "1-0"]
[WhiteElo "1890"]
[BlackElo "1582"]
[PlyCount "61"]
[EventDate "2011.??.??"]
[WhiteTeam "vereinslos"]
[BlackTeam "SK Bad Homburg 1927"]

1. c4 b6 2. Nf3 Bb7 3. Nc3 Nf6 4. d3 e6 5. e4 d6 6. g3 Nbd7 7. Bg2 Be7 8. O-O
O-O 9. Re1 c5 10. d4 cxd4 11. Nxd4 Nc5 12. b4 Ncd7 13. e5 Bxg2 14. exf6 Bxf6
15. Kxg2 Rc8 16. Be3 Rxc4 17. Rc1 Qa8+ 18. f3 Rxb4 19. Ne4 Rb2+ 20. Re2 Rxe2+
21. Nxe2 d5 22. Nxf6+ Nxf6 23. Bd4 Rc8 24. Bxf6 gxf6 25. Nf4 Rxc1 26. Qxc1 Qd8
27. Nh5 Qf8 28. Nxf6+ Kg7 29. Qg5+ Kh8 30. Qe5 Kg7 31. Nd7+ 1-0

[Event "23.Schlosspark-Open"]
[Site "Wiesbaden"]
[Date "2011.08.26"]
[Round "3.61"]
[White "Preiß, Vincent"]
[Black "Lorenz, Hermann"]
[Result "1-0"]
[WhiteElo "1869"]
[BlackElo "1580"]
[PlyCount "47"]
[EventDate "2011.??.??"]
[WhiteTeam "SV Saarbrücken 1970"]
[BlackTeam "Sfr.Mainz 1928"]

1. e4 d6 2. f4 Nf6 3. Nc3 g6 4. Nf3 Bg7 5. Bc4 O-O 6. d3 c5 7. O-O Nc6 8. Be3
Ng4 9. Bd2 Nd4 10. h3 Nxf3+ 11. Qxf3 Nf6 12. Rad1 e6 13. f5 Nxe4 14. dxe4 exf5
15. exf5 Bxf5 16. Qg3 Bxc2 17. Rc1 Bxc3 18. Bxc3 Be4 19. Bf6 Qb6 20. Qg5 d5 21.
Qh6 Qxf6 22. Rxf6 dxc4 23. Rxc4 Bc6 24. Rh4 1-0

[Event "23.Schlosspark-Open"]
[Site "Wiesbaden"]
[Date "2011.08.26"]
[Round "3.62"]
[White "Süß, Stefan"]
[Black "Sonnberger, Bernd"]
[Result "1/2-1/2"]
[WhiteElo "1800"]
[BlackElo "1174"]
[PlyCount "133"]
[EventDate "2011.??.??"]
[WhiteTeam "Mosbacher SC v.1931"]
[BlackTeam "SC Dietmannsried"]

1. d4 Nf6 2. Bf4 d6 3. e3 g6 4. Be2 Bg7 5. Nd2 O-O 6. h3 Nbd7 7. Ngf3 c5 8. c3
cxd4 9. exd4 Nb6 10. O-O Nbd5 11. Bh2 Nc7 12. Re1 Bd7 13. Bf1 Nh5 14. Qe2 Re8
15. g4 Nf6 16. Qd3 Bc6 17. c4 e6 18. Rad1 Bf8 19. b4 b6 20. b5 Bb7 21. a4 a5
22. Nb3 Qd7 23. Re3 Rac8 24. Bg3 Na8 25. Bg2 Be7 26. Rc1 Red8 27. Kh2 Bf8 28.
Rc2 Be7 29. Nfd2 Bxg2 30. Kxg2 Qb7+ 31. f3 Ne8 32. h4 Bf8 33. Kf2 Bh6 34. g5
Bf8 35. Re1 Ng7 36. Rec1 Nf5 37. Ne4 Be7 38. Qd2 Rc7 39. Qf4 Rcc8 40. Qd2 Rd7
41. Qe2 Kg7 42. Ned2 Bd8 43. Qe4 Qxe4 44. fxe4 Nxg3 45. Kxg3 Be7 46. Nf3 Rdc7
47. e5 dxe5 48. dxe5 Ba3 49. Ra1 Bc5 50. Rd1 Kf8 51. Kf4 Ke7 52. Nxc5 Rxc5 53.
Rd4 Nc7 54. Nd2 Ne8 55. Ne4 R5c7 56. Nf6 Nxf6 57. gxf6+ Kf8 58. Kg5 Kg8 59. h5
Rc5 60. Re4 R5c7 61. hxg6 fxg6 62. Rd4 Rc5 63. Kf4 R5c7 64. Ke4 Kf7 65. Kd3 g5
66. Re2 h5 67. Ree4 1/2-1/2

[Event "23.Schlosspark-Open"]
[Site "Wiesbaden"]
[Date "2011.08.26"]
[Round "3.63"]
[White "Sommer, Konstantin"]
[Black "Schellen, Sven"]
[Result "0-1"]
[WhiteElo "1494"]
[BlackElo "1754"]
[PlyCount "64"]
[EventDate "2011.??.??"]
[WhiteTeam "SF 1876 Göppingen"]
[BlackTeam "Sfr. Frankfurt 1921"]

1. d4 d5 2. Nf3 Nf6 3. e3 Bg4 4. Bd3 e6 5. Nbd2 Nbd7 6. c3 Be7 7. e4 dxe4 8.
Nxe4 O-O 9. O-O Re8 10. Bf4 Nd5 11. Bg3 f5 12. c4 fxe4 13. Bxe4 N5f6 14. Bxb7
Rb8 15. Qb3 Ne4 16. Bxe4 Rxb3 17. axb3 Bxf3 18. Bxf3 Qb8 19. Bg4 Bd6 20. Rfe1
Kf7 21. d5 Nc5 22. b4 Bxg3 23. fxg3 Qxb4 24. Rf1+ Kg8 25. Rae1 Qb6 26. b4 Qxb4
27. dxe6 Qb6 28. Rb1 Qd6 29. Rbd1 Nd3 30. Kh1 Qd4 31. Rd2 Qxg4 32. Rxd3 Qxe6
0-1

[Event "23.Schlosspark-Open"]
[Site "Wiesbaden"]
[Date "2011.08.26"]
[Round "3.66"]
[White "Wohlfahrt, Michael"]
[Black "Kümmel, Werner"]
[Result "1-0"]
[WhiteElo "1765"]
[BlackElo "1310"]
[PlyCount "55"]
[EventDate "2011.??.??"]
[WhiteTeam "SAbt TSF Welzheim"]
[BlackTeam "SC Bad Soden"]

1. e4 c5 2. Nf3 d6 3. Bb5+ Bd7 4. Bxd7+ Nxd7 5. O-O Ngf6 6. Re1 g6 7. c3 Bg7 8.
d4 O-O 9. e5 dxe5 10. dxe5 Ng4 11. e6 fxe6 12. Qb3 Nde5 13. Nxe5 Bxe5 14. Qxe6+
Kg7 15. Qxg4 Qd6 16. g3 Rf7 17. Na3 Bf6 18. Be3 Qc6 19. Red1 b5 20. Qd7 Qf3 21.
Qd5 Qxd5 22. Rxd5 b4 23. Nb1 bxc3 24. Nxc3 Rb8 25. Nd1 Bxb2 26. Nxb2 Rxb2 27.
Rxc5 Re2 28. Ra5 1-0

[Event "23.Schlosspark-Open"]
[Site "Wiesbaden"]
[Date "2011.08.26"]
[Round "3.67"]
[White "Rosmanitz, Anna"]
[Black "Hoffmann, Jörn"]
[Result "1/2-1/2"]
[WhiteElo "1280"]
[BlackElo "1686"]
[PlyCount "53"]
[EventDate "2011.??.??"]
[WhiteTeam "SC 1979 Hattersheim"]
[BlackTeam "SC Taunusstein 1966"]

1. e4 e5 2. Nf3 Nf6 3. Nc3 Nc6 4. Bb5 d6 5. d3 Be7 6. O-O Bg4 7. h3 Bh5 8. Be3
Qd7 9. d4 exd4 10. Bxd4 a6 11. Ba4 b5 12. Bxf6 Bxf6 13. Bb3 O-O 14. Rb1 Rae8
15. Qd3 Bxc3 16. Qxc3 Bxf3 17. Qxf3 Nd4 18. Qd3 Ne6 19. Rfe1 Nc5 20. Qd4 Nxb3
21. axb3 c5 22. Qd3 Re6 23. Ra1 Qc8 24. Re3 Rfe8 25. Rae1 Qc6 26. f3 h6 27. Qc3
1/2-1/2

[Event "23.Schlosspark-Open"]
[Site "Wiesbaden"]
[Date "2011.08.26"]
[Round "3.68"]
[White "Bykov, Vyacheslav"]
[Black "Wöhl, Torsten"]
[Result "1-0"]
[WhiteElo "1614"]
[BlackElo "1271"]
[PlyCount "67"]
[EventDate "2011.??.??"]
[WhiteTeam "Wiesbadener SV 1885"]
[BlackTeam "SC Groß-Zimmern"]

1. d4 d5 2. c4 c6 3. Nc3 Bf5 4. cxd5 cxd5 5. Qb3 b6 6. Qxd5 Qxd5 7. Nxd5 Na6 8.
a3 e6 9. Nc3 Nf6 10. e4 Nxe4 11. Bxa6 Nxc3 12. bxc3 Be4 13. Bb5+ Kd8 14. f3 Bb7
15. Ne2 a6 16. Ba4 Bd6 17. O-O Rc8 18. Bg5+ f6 19. Bd2 g5 20. Rfb1 b5 21. Bc2
h5 22. Be4 Bc6 23. Bxc6 Rxc6 24. a4 g4 25. axb5 axb5 26. Ra8+ Rc8 27. Rxc8+
Kxc8 28. fxg4 hxg4 29. Bf4 e5 30. dxe5 fxe5 31. Bg3 Bc5+ 32. Bf2 Bxf2+ 33. Kxf2
Rf8+ 34. Kg3 1-0

[Event "23.Schlosspark-Open"]
[Site "Wiesbaden"]
[Date "2011.08.26"]
[Round "3.70"]
[White "Grötzinger, Waldemar"]
[Black "Sonnberger, Julian"]
[Result "1-0"]
[WhiteElo "1592"]
[BlackElo "1201"]
[PlyCount "39"]
[EventDate "2011.??.??"]
[WhiteTeam "Sfr. Frankfurt 1921"]
[BlackTeam "SC Dietmannsried"]

1. e4 e5 2. f4 Bc5 3. Nf3 Nf6 4. Nc3 exf4 5. d4 Bb4 6. Bd3 O-O 7. O-O c5 8. a3
cxd4 9. axb4 dxc3 10. bxc3 Nc6 11. Bxf4 d5 12. exd5 Nxd5 13. Bg5 Nf6 14. Nd2
Qb6+ 15. Kh1 Nd5 16. Nc4 Qc7 17. Bxh7+ Kxh7 18. Qxd5 Be6 19. Qe4+ g6 20. Qh4+
1-0

[Event "23.Schlosspark-Open"]
[Site "Wiesbaden"]
[Date "2011.08.26"]
[Round "3.71"]
[White "Wagner, Günter"]
[Black "Kornilov, Alexander"]
[Result "1-0"]
[WhiteElo "1588"]
[BlackElo "1192"]
[PlyCount "109"]
[EventDate "2011.??.??"]
[WhiteTeam "SV 1946 Groß-Gerau"]
[BlackTeam "SAbt TuS Makkabi Ffm"]

1. Nf3 d5 2. c4 Nf6 3. g3 c5 4. Bg2 Nc6 5. b3 g6 6. Bb2 Bg7 7. O-O O-O 8. d3 b6
9. Nbd2 d4 10. Ne5 Nxe5 11. Bxa8 Bg4 12. Bf3 Bh3 13. Bg2 Bg4 14. Nf3 Nxf3+ 15.
exf3 Bd7 16. f4 Qc8 17. Qf3 Bg4 18. Qb7 Qxb7 19. Bxb7 Re8 20. f3 Bd7 21. a3 b5
22. Rab1 bxc4 23. bxc4 Ba4 24. Rfc1 Bh6 25. Ba1 e5 26. fxe5 Bxc1 27. Rxc1 Rxe5
28. Kf2 Re7 29. Bd5 Rd7 30. Ba8 Rd6 31. Rb1 Rb6 32. Rxb6 axb6 33. Bb2 Ne8 34.
Bc1 Nc7 35. Bb7 Ne6 36. Bd5 b5 37. Bc6 Bc2 38. cxb5 Ba4 39. Bd2 Nd8 40. Bd7 Kf8
41. Bg5 Ne6 42. Bf6 h6 43. f4 g5 44. b6 Nc7 45. Bxa4 Na6 46. Bb5 Nb8 47. Be5
Ke7 48. Bxb8 Kd8 49. Bc7+ Kc8 50. Ba6+ Kd7 51. Be5 Kc6 52. b7 Kb6 53. b8=Q+
Kxa6 54. Bc7 c4 55. Qb6# 1-0

[Event "23.Schlosspark-Open"]
[Site "Wiesbaden"]
[Date "2011.08.26"]
[Round "3.72"]
[White "Pogosian, Norair"]
[Black "Urbach, Jens"]
[Result "1-0"]
[WhiteElo "1586"]
[BlackElo "1123"]
[PlyCount "49"]
[EventDate "2011.??.??"]
[WhiteTeam "CE Strassbourg"]
[BlackTeam "Sfr. Frankfurt 1921"]

1. e4 d6 2. d4 Nf6 3. Nc3 g6 4. Nf3 Bg4 5. Be2 Bg7 6. h3 Bxf3 7. Bxf3 O-O 8. e5
dxe5 9. dxe5 Qxd1+ 10. Nxd1 Nfd7 11. Bxb7 Nb6 12. Bxa8 Nxa8 13. f4 Nc6 14. Ne3
e6 15. O-O Rd8 16. Rd1 Rb8 17. c3 Bf8 18. Kf1 a5 19. Nc4 Rb5 20. b3 Ne7 21. Ba3
c5 22. Nd6 Rb6 23. Bxc5 Rc6 24. Ne4 Nf5 25. Rd8 1-0

[Event "23.Schlosspark-Open"]
[Site "Wiesbaden"]
[Date "2011.08.26"]
[Round "3.73"]
[White "Peschk, Kathrin"]
[Black "Dyga, Ryszard"]
[Result "0-1"]
[WhiteElo "926"]
[BlackElo "1580"]
[PlyCount "78"]
[EventDate "2011.??.??"]
[WhiteTeam "SV 1946 Groß-Gerau"]
[BlackTeam "SV 1920 Hofheim"]

1. e4 e5 2. Nf3 Nc6 3. Bc4 Nf6 4. d3 Be7 5. Bg5 O-O 6. O-O d6 7. c3 Bg4 8. Nbd2
Nd7 9. Bxe7 Nxe7 10. h3 Bh5 11. b4 Nb6 12. Qb3 c6 13. Qc2 Nxc4 14. Nxc4 Bxf3
15. gxf3 Ng6 16. Kh2 Qf6 17. Qc1 d5 18. Nb2 Qxf3 19. Qe3 Qf4+ 20. Qxf4 Nxf4 21.
f3 f5 22. Rfe1 fxe4 23. fxe4 dxe4 24. Rxe4 Nd5 25. Rxe5 Rf2+ 26. Kh1 Rxb2 27.
c4 Nxb4 28. d4 Nc2 29. Rd1 Rxa2 30. d5 Rd8 31. d6 Ra1 32. Rxa1 Nxa1 33. c5 Rd7
34. Re8+ Kf7 35. Re1 Nb3 36. Re5 Kf6 37. Re8 Nxc5 38. Ra8 a6 39. Rh8 g6 0-1

[Event "23.Schlosspark-Open"]
[Site "Wiesbaden"]
[Date "2011.08.26"]
[Round "3.74"]
[White "Van Bömmel, Philipp"]
[Black "Wöhl, Jessica"]
[Result "1-0"]
[WhiteElo "1577"]
[BlackElo "906"]
[PlyCount "67"]
[EventDate "2011.??.??"]
[WhiteTeam "SC 1979 Hattersheim"]
[BlackTeam "SC Groß-Zimmern"]

1. c4 e5 2. Nc3 Bb4 3. g3 c6 4. Bg2 Nf6 5. e4 O-O 6. Nge2 d6 7. a3 Bc5 8. O-O
Bg4 9. h3 Bh5 10. d3 h6 11. g4 Bg6 12. Ng3 Nh7 13. Kh2 Qf6 14. f4 exf4 15. Bxf4
Bd4 16. Bxh6 Qh4 17. Bf4 Rd8 18. Nce2 Bxb2 19. Rb1 Bxa3 20. Qb3 Bc5 21. Qxb7
Nd7 22. d4 Rab8 23. Qxc6 Rb6 24. Rxb6 Bxb6 25. Bxd6 Nb8 26. Bxb8 Rxb8 27. Rb1
Qd8 28. c5 Bc7 29. Rxb8 Qxb8 30. e5 Nf8 31. Nf4 Qc8 32. Nd5 Ne6 33. Ne7+ Kh8
34. Nxc8 1-0

[Event "23.Schlosspark-Open"]
[Site "Wiesbaden"]
[Date "2011.08.26"]
[Round "3.75"]
[White "Fey, Karl-Heinz"]
[Black "Sommer, Norbert"]
[Result "0-1"]
[WhiteElo "827"]
[BlackElo "1562"]
[PlyCount "38"]
[EventDate "2011.??.??"]
[WhiteTeam "SC 1926 Haßloch"]
[BlackTeam "SF 1876 Göppingen"]

1. Nf3 Nf6 2. e3 d5 3. d4 e6 4. Nc3 c5 5. Be2 Nc6 6. O-O Be7 7. a3 b6 8. Ne5
Bd7 9. Bb5 Qc7 10. Bd2 Nxe5 11. dxe5 Qxe5 12. f4 Qc7 13. a4 O-O 14. h3 Rfd8 15.
g4 d4 16. Ne2 Bxb5 17. axb5 dxe3 18. g5 Ne4 19. c4 Nxd2 0-1

[Event "23.Schlosspark-Open"]
[Site "Wiesbaden"]
[Date "2011.08.26"]
[Round "3.76"]
[White "Happel, Jürgen"]
[Black "Bangert, Martin"]
[Result "1/2-1/2"]
[WhiteElo "1534"]
[BlackElo "858"]
[PlyCount "86"]
[EventDate "2011.??.??"]
[WhiteTeam "SV 1920 Hofheim"]
[BlackTeam "SC Eschbach/Usi- Land"]

1. d4 Nf6 2. c4 e6 3. Nc3 Nc6 4. Nf3 d5 5. cxd5 exd5 6. h3 Be7 7. Bf4 O-O 8. e3
a6 9. a3 b5 10. Bd3 Nh5 11. Bh2 Bd6 12. Bxd6 Qxd6 13. O-O Ne7 14. Nd2 g6 15.
Nf3 Nc6 16. Be2 Ng7 17. Nd2 Bf5 18. Re1 Rad8 19. Nf3 Qf6 20. Bd3 Ne6 21. Rc1
Ng5 22. Nxg5 Qxg5 23. Bxf5 Qxf5 24. Ne2 Rd6 25. Ng3 Qd7 26. Qd2 f5 27. Ne2 Ne7
28. f4 h6 29. h4 c6 30. g3 Qe8 31. Kg2 g5 32. hxg5 hxg5 33. Rh1 g4 34. Rh2 Rff6
35. Rch1 Ng6 36. Qd3 Rde6 37. Kf2 Re4 38. Nc3 Re7 39. Nd1 Qd7 40. b4 Rg7 41.
Qc3 Qd6 42. Qc2 Kf7 43. Rh5 Ne7 1/2-1/2

[Event "23.Schlosspark-Open"]
[Site "Wiesbaden"]
[Date "2011.08.26"]
[Round "3.78"]
[White "Bratmann, Marc"]
[Black "Lochmann, Tobias"]
[Result "1-0"]
[WhiteElo "1455"]
[BlackElo "730"]
[PlyCount "43"]
[EventDate "2011.??.??"]
[WhiteTeam "SAbt TuS Dotzheim"]
[BlackTeam "SV 1946 Groß-Gerau"]

1. e4 e5 2. Nc3 Nc6 3. Bc4 d6 4. d3 Be6 5. Bb3 Bxb3 6. axb3 Nf6 7. Nge2 Be7 8.
O-O O-O 9. Be3 d5 10. exd5 Nxd5 11. Nxd5 Qxd5 12. Nc3 Qd6 13. Qd2 Rad8 14. Rfd1
e4 15. Nxe4 Qe5 16. c3 h6 17. Bf4 Qf5 18. Qe3 Bg5 19. Bxg5 hxg5 20. Qxg5 Qd7
21. Nf6+ Kh8 22. Qh5# 1-0